Statistics for U.S. Cities-Select All

Click here to take the quiz!

General Stats

  • This quiz has been taken 38 times
    (23 since last reset)
  • The average score is 36 of 45

Answer Stats

QuestionTileSelect% Correct
...That are Capital Cities.ChicagoNo
100%
... That Are The Most Populous In Their State.BaltimoreYes
95%
...That Are NOT Located In California.FresnoNo
95%
...With A Population Under 500,000.MemphisNo
95%
...That are Capital Cities.PittsburghNo
95%
... That Are The Most Populous In Their State.RenoNo
95%
...That Are NOT Located In California.SacramentoNo
95%
...That are Capital Cities.Saint LouisNo
95%
...That Are NOT Located In California.San JoseNo
95%
...With A Population Under 500,000.AuroraYes
90%
...With A Population Under 500,000.El PasoNo
90%
... That Are The Most Populous In Their State.Idaho FallsNo
90%
...That are Capital Cities.MontgomeryYes
90%
...That Are NOT Located In California.OaklandNo
90%
...That are Capital Cities.OlympiaYes
90%
...That Are NOT Located In California.San AntonioYes
90%
...That Are NOT Located In California.Santa AnaNo
90%
...That Are NOT Located In California.WacoYes
90%
...That Are West Of The Rockies.BismarckNo
85%
...With A Population Under 500,000.Corpus ChristiYes
85%
...That are Capital Cities.OmahaNo
85%
...That are Capital Cities.RaleighYes
85%
...With A Population Under 500,000.Saint PetersburgYes
85%
...That are Capital Cities.Santa FeYes
85%
...That Are NOT Located In California.SewardYes
85%
...That Are West Of The Rockies.WichitaNo
85%
... That Are The Most Populous In Their State.CharlestonYes
80%
...That are Capital Cities.ConcordYes
80%
...With A Population Under 500,000.Des MoinesYes
80%
...That Are West Of The Rockies.Carson CityYes
75%
...That Are West Of The Rockies.Santa BarbaraYes
75%
...That Are NOT Located In California.BakersfieldNo
70%
... That Are The Most Populous In Their State.DoverNo
70%
... That Are The Most Populous In Their State.FargoYes
70%
...With A Population Under 500,000.Oklahoma CityNo
70%
...That Are West Of The Rockies.Salt Lake CityYes
70%
...That Are West Of The Rockies.SpokaneYes
70%
...With A Population Under 500,000.AlbuquerqueNo
65%
...That Are West Of The Rockies.EugeneYes
65%
...That Are West Of The Rockies.PhoenixYes
65%
... That Are The Most Populous In Their State.Sioux FallsYes
60%
... That Are The Most Populous In Their State.BurlingtonYes
55%
... That Are The Most Populous In Their State.BillingsYes
50%
...With A Population Under 500,000.CincinnatiYes
45%
...That Are West Of The Rockies.FlagstaffYes
45%

Score Distribution

Percentile by Number Answered

Percent of People with Each Score

Your Score History

You have not taken this quiz since the last reset